000 00461nam a2200181Ia 4500
003 GCL
008 140319s9999 xx 000 0 aRus d
040 _aGCL /
_cGCL
082 0 4 _a860
_bU P
100 1 _aUNAMUNO, MIGUEL
245 1 0 _aPOESIA COMPLETA, 1 /
_cUNAMUNO, MIGUEL
260 _a[S.N] :
_bA LIANZA EDITORIAL ،
_c1987
300 _a437 P
650 0 4 _aLITERATURE
650 0 4 _aSPANISH LANGUAGE
650 0 4 _aSPANISH LITERATURE
942 _2ddc
_cBK
999 _c24257
_d24257